000
00334nam a2200133Ia 4500
008
240109s9999 xx 000 0 und d
041
_a
eng
082
_a
332
100
_a
Shaikh Saleem
245
_a
Business Environment [Shaikh]
260
_b
Pearson Education (PTE)Ltd.New Delhi Delhi
300
_a
802
650
_a
Management
999
_c
1028842
_d
1028842